• 首页
  • 本馆介绍
  • 公告通知
  • 最新文献
  • 馆藏检索
  • 电子资源
  • 读者导购
  • 参考咨询
  • 我的图书馆
  • 登录
  • 详细信息显示
  • 放入我的书架
  • 预约/预借图书
  • 作者相关作品
  • 分类相关作品
  • 丛书相关作品
  • 出版社相关作品

书目信息

  • 表格格式
  • 工作单格式
  • 卡片格式
题名:
中国通史
    
 
作者: 卜宪群 总撰稿 ;中国社科院 撰稿
分册: 叁   隋唐五代两宋
出版信息: 北京   华夏出版社  2016
页数: 22,589页
开本: 19cm
丛书名:
单 册:
中图分类: K20 , K240.9
科图分类:
主题词: 中国历史--zhong guo li shi , 隋唐时代--sui tang shi dai--历史--通俗读物 , 五代十国时期--wu dai shi guo shi qi--历史--通俗读物
电子资源:
ISBN: 978-7-5080-8665-1
000 01282nam0 22002891 450
001 0118172427
005 20170619154326.25
010    @a978-7-5080-8665-1@b精装@dCNY72.00
100    @a20160530d2016 em y0chiy50 ea
101 0  @achi
102    @aCN@b110000@b340000
105    @aa z 000yy
106    @ar
200 1  @a中国通史@Azhong guo tong shi@h叁@i隋唐五代两宋@f卜宪群总撰稿@g中国社会科学院历史研究所撰稿
210    @a北京@c华夏出版社@a合肥@c安徽教育出版社@d2016
215    @a22,589页@c图@d19cm
330    @a本书用一百个专题叙述了中国境内的人类起源到晚清的中国历史,以历代治乱兴衰的历史经验与教训、统一多民族国家的形成与发展、中华文明的灿烂与辉煌为主线,以丰富的历史资料为基础,充分吸收考古学和史学研究的最新成果,以时代演进纵向贯通,以问题分析横向展开,以严谨科学的态度、宏阔的视野回顾中国历史的发展道路。
517 1  @a隋唐五代两宋@Asui tang wu dai liang song
606 0  @a中国历史@Azhong guo li shi
606 0  @a隋唐时代@Asui tang shi dai@x历史@j通俗读物
606 0  @a五代十国时期@Awu dai shi guo shi qi@x历史@j通俗读物
690    @aK20@v5
690    @aK240.9@v5
701  0 @a卜宪群@Abo xian qun@f(1962~)@4总撰稿
712 02 @a中国社科院@Azhong guo she ke yuan@b历史研究所@4撰稿
801  0 @aCN@bTANGWEI@c20170616
905    @b1009959-64@dK20@e228:3@f6
    
    中国通史.叁.隋唐五代两宋/卜宪群总撰稿/中国社会科学院历史研究所撰稿 .-北京:华夏出版社;合肥:安徽教育出版社,2016
    22,589页:图;19cm
    
    
    ISBN 978-7-5080-8665-1(精装):CNY72.00
    本书用一百个专题叙述了中国境内的人类起源到晚清的中国历史,以历代治乱兴衰的历史经验与教训、统一多民族国家的形成与发展、中华文明的灿烂与辉煌为主线,以丰富的历史资料为基础,充分吸收考古学和史学研究的最新成果,以时代演进纵向贯通,以问题分析横向展开,以严谨科学的态度、宏阔的视野回顾中国历史的发展道路。
●
相关链接 在E读中查询图书 在五车中查询图书 在当当中查询图书 在豆瓣中查询图书


正题名:中国通史     索取号:K20/228:3         预约/预借

序号 登录号 条形码 馆藏地/架位号 状态 备注
1 1009959   210099597   第二样本阅览室/ [索取号:K20/228:3] 在馆    
2 1009960   210099604   教育系资料室/ [索取号:K20/228:3] 在馆    
3 1009961   210099613   教育系资料室/ [索取号:K20/228:3] 在馆    
4 1009962   210099622   教育系资料室/ [索取号:K20/228:3] 在馆    
5 1009963   210099631   第二借阅区/ [索取号:K20/228:3] 在馆    
6 1009964   210099640   第二借阅区/ [索取号:K20/228:3] 在馆    
唐山师范学院图书馆 欢迎您!
大连网信软件有限公司© 版权所有